Legislatures
Guardado en:
| Autor principal: | |
|---|---|
| Formato: | Libro |
| Lenguaje: | inglés |
| Publicado: |
Nueva York
Oxford University
1963
|
| Materias: | |
| Etiquetas: |
Agregar Etiqueta
Sin Etiquetas, Sea el primero en etiquetar este registro!
|
MARC
| LEADER | 00000nam a2200000 a 4500 | ||
|---|---|---|---|
| 001 | UCT8608 | ||
| 003 | CL-VaPUC | ||
| 008 | 970326e19630000US |||||||||||||||||eng|d | ||
| 082 | 0 | 4 | |a 328.3 |b WHE |2 21 |
| 100 | 0 | |a Wheare, K. C |e author |9 380440 | |
| 245 | 1 | 0 | |a Legislatures |
| 300 | |a 247 p | ||
| 942 | |c BK | ||
| 945 | |d 19970326 00:00:00 |a paguirre | ||
| 260 | |a Nueva York |b Oxford University |c 1963 | ||
| 650 | 0 | |a Poder legislativo |9 258808 | |
| 650 | 0 | |a Parlamento |9 338611 | |
| 650 | 0 | |a Gobierno |9 255508 | |
| 650 | 0 | |a Instituciones políticas |9 255506 | |
| 650 | 7 | |a LEGISLACION |2 CL-VaPUC |9 380441 | |
| 583 | |a last modification |c 19970326 00:00:00 |k Rodrigo Vera | ||
| 999 | |c 257097 |d 257095 | ||
| 952 | |0 0 |1 0 |4 0 |6 328_300000000000000_WHE_1963 |7 0 |8 A |9 280341 |a BIBDER |b BIBDER |d 2019-11-19 |i 1813544 |o 328.3 WHE 1963 |p 1813544 |r 2023-01-25 |w 2019-11-19 |y BK |k DER | ||